|
|
|
|
| LEADER |
00000cam a2200000 a 4500 |
| 001 |
vtls012021294 |
| 003 |
SK-MaSNL |
| 005 |
20260302074124.0 |
| 008 |
240226s1999 sz a r 100 0 fre |
| 020 |
|
|
|a 9222108183
|
| 035 |
|
|
|a urn:nbn:sk:snk-amyekd
|
| 035 |
|
|
|a urn:nbn:sk:snk-am00chzt
|
| 035 |
|
|
|a 0AD2ED56-3F03-42AF-829D-1E60E14FE479
|
| 040 |
|
|
|a SNK
|b slo
|c SNK
|e AACR2
|
| 041 |
0 |
|
|a fre
|a eng
|
| 044 |
|
|
|a sz
|a CH
|
| 080 |
|
|
|a 061.2(100):331(082)=40
|2 1981
|
| 110 |
2 |
|
|a Medzinárodná organizácia práce
|4 aut
|9 18131
|
| 245 |
1 |
0 |
|a Compte rendu des travaux
|b quatre-vingt-septieme session Geneve, 1999
|n Volume 2
|
| 260 |
|
|
|a Geneve
|b Bureau international du Travail
|c 1999
|
| 300 |
|
|
|a 168 s.
|c 30 cm
|
| 500 |
|
|
|a Text čiastočne anglicky
|
| 610 |
2 |
7 |
|a Medzinárodná organizácia práce
|2 SNKKA
|9 18131
|
| 655 |
|
7 |
|a zborníky konferencií
|2 SNKPH
|9 70153
|
| 919 |
|
|
|a 92-2-210818-3
|
| 958 |
|
|
|a OND
|
| 999 |
|
|
|c 1163785
|d 1165715
|
| 952 |
|
|
|t P60, <03>, [BOOK], {603}
|a SNK
|b SNK
|y PREZ
|7 0
|p 17A0244432
|o snkSB 62019/2
|i snkV 1002/2000
|0 0
|1 0
|4 0
|d 2000-07-04
|f 1
|l 0
|r 2025-04-11 00:00:00
|w 2026-02-24
|